01569nam a22001697a 4500999001900000008004100019100003100060245007000091260004500161300003700206520089200243650007001135773004501205906003001250942000701280952011201287 c516657d516657210310b ||||| |||| 00| 0 eng d aSinha, Anjani Kumar925876 aState interventions for women empowerment in Bihar: An assessment aBihar Journal of Public Administration  a17(1), Jan-June, 2020: p.154-160 aWomen empowerment, in short, is that capability of the women by which they take decision by themselves and play roles in socio-economic and political domains. But it requires state interventions for empowering them in the shape of financial support, providing infrastructure, morale boosting, opportunities for adequate active participation in social domain and political institutions. All these enable them to think, to understand, to participate, to hold and represent for the development of themselves. A variety of schemes covering socio-economic and political spheres have been provided by state in Bihar. These schemes have shown promise but there is need of making them self assertive to get the benefits of state interventions and enjoy the fruits of the schemes. The PRIs are the most potential instrument to empower them in real sense. We can hope for the best. – Reproduced  aSHGs, Schemes for girls, PRIs, Jeevika, Prohibition, Bihar923212 aBihar Journal of Public Administration  aWOMEN EMPOWERMENT - BIHAR cAR 00102ddc40709390704aIIPAbIIPAd2021-03-10h17(1), Jan-June, 2020: p.154-160pAR124494r2021-03-10yAR